00357nam a2200121Ia 4500008004100000082001700041100001300058245004900071260000900120300000800129630004900137730004900186100122s9999 xx 000 0 und d b1214a823.08 aIRVING W aWASHINGTON IRVINGS OTHER STORIES (BUNDLE- A) c1945 a190 aWASHINGTON IRVINGS OTHER STORIES (BUNDLE- A) aWASHINGTON IRVINGS OTHER STORIES (BUNDLE- A)